Dictionnaire usuel des sciences: Rédigé par MM. Boillot, Boulangier, Ducros, E. Dorval, Frinn, P., Labitte, P., etc

Guardado en:
Detalles Bibliográficos
Autor principal: Louandre, Charles Léopold (autor)
Formato: Libro
Lenguaje:francés
Publicado: París Librairie Classique de Paul Dupont 1862
Edición:1a. ed
Colección:Bibliothéque des campagnes
Materias:
Etiquetas: Agregar Etiqueta
Sin Etiquetas, Sea el primero en etiquetar este registro!

MARC

LEADER 00000nam a2200000 a 4500
001 UCJ4420
003 CL-VaPUC
008 070124e18620000FR |||||||||||||||||fre|d
082 0 4 |a 503  |b LOU  |2 21 
100 |a Louandre, Charles Léopold   |e autor  |9 511907 
245 1 0 |a Dictionnaire usuel des sciences: Rédigé par MM. Boillot, Boulangier, Ducros, E. Dorval, Frinn, P., Labitte, P., etc 
250 |a 1a. ed 
300 |a 515 p 
942 |c BK 
945 |d 20070124 00:00:00  |a rinostro 
260 |a París  |b Librairie Classique de Paul Dupont  |c 1862 
500 |a Empastado en un mismo volumen con el Dictionnaire usuel d'Histoire et de Géographie publicado por Ch. Louandre 
650 0 |a Ciencias  |9 327866 
650 0 |a Historia  |9 255047 
650 7 |a DICCIONARIO  |2 CL-VaPUC  |9 508070 
650 7 |a MARCA TIPOGRAFICA  |2 CL-VaPUC  |9 506100 
583 |a last modification  |c 20070124 00:00:00  |k Rodrigo Vera 
490 0 |a Bibliothéque des campagnes 
999 |c 320536  |d 320534 
952 |0 0  |1 0  |4 0  |6 503_000000000000000_LOU_1862  |7 0  |8 X  |9 399079  |a FDOBUD  |b FDOBUD  |d 2019-11-22  |i 1017861  |o 503 LOU 1862  |p 1017861  |r 2019-11-22  |w 2019-11-22  |y BK_X  |k BUD